00615nam a2200169Ia 4500001001000000003000500010008004100015010001100056040000900067100002800076245009700104260003500201300001000236502010800246650004300354710004800397Para_3092CHAP220125s1947 xx 000 0 und d a201583 cCHAP aTerrazas Loyola, José aContribución al estudio de la conchuela del frijol en México /c José Terrazas Loyola aChapingo, Méx. :b El autor a61 p. aTesis (Ing. Agr. Esp. en Parasitología Agrícola) -- ENA. Departamento de Parasitología Agrícola aEpilachna varivestis Frijol x Plagas aENA. Departamento de Parasitologia Agricola